000 00763nam a2200217Ia 4500
003 0100
005 20220518123754.0
008 130303s9999 xx 000 0 und d
020 _a0521208246
040 _cARRUPELIB
050 _aHX457.T3C7
100 _aPratt, Cranford
_951652
245 4 _aThe critical phase in Tanzania, 1945-1968
_bNyerere and the emergence of a socialist strategy
_cCranford Pratt
260 _aCambridge
_bCambridge University Press
_c1976
300 _ax, 309p. ;
_c 23cm
600 _aNyerere, Julius Kambarage, Pres. Tanzania, 1922-
_951653
650 _aSocialism in Tanzania
_930060
651 _aTanzania
_xPolitics and government
_951654
651 _aTanganyika
_xPolitics and government
_951655
942 0 0 _04
_2lcc
_cMONOGRAPH
999 _c28739
_d28739